000 00684nam a2200181Ia 4500
008 100920s9999 xx 000 0 und d
082 _b84200
_a200 न 02
100 _aसंपादन-घैसास दिवाकर अनंत.
245 _aदैनंदिन एकनाथी भागवत.
260 _bमनोरमा प्रकाशन, मुंबई.
_c2002
300 _a376
_bसाधी
365 _b150
520 _aधार्मिक.
630 _aदैनंदिन एकनाथी भागवत.
650 _aधार्मिक.
730 _aदैनंदिन एकनाथी भागवत.
942 _cBOOK
999 _c724784
_d724781